The future we choose (Record no. 4854)

MARC details
000 -CABECERA
campo de control de longitud fija 02299cam a2200337 i 4500
001 - NÚMERO DE CONTROL
campo de control 11470801
005 - FECHA Y HORA DE LA ÚLTIMA TRANSACCIÓN
campo de control 20250923115234.0
008 - DATOS DE LONGITUD FIJA--INFORMACIÓN GENERAL
campo de control de longitud fija 200114t20202020nyuab b 000 0 eng
010 ## - NÚMERO DE CONTROL DE LA BIBLIOTECA DEL CONGRESO
Número de control de LC 2019047560
020 ## - NÚMERO INTERNACIONAL ESTÁNDAR DEL LIBRO
Número Internacional Estándar del Libro 9781838770822
035 ## - NÚMERO DE CONTROL DEL SISTEMA
Número de control de sistema (OCoLC)on1120954658
035 ## - NÚMERO DE CONTROL DEL SISTEMA
Número de control de sistema (CaBVaU)11470801
040 ## - FUENTE DE LA CATALOGACIÓN
Centro catalogador/agencia de origen DLC
Lengua de catalogación eng
Centro/agencia transcriptor DLC
Normas de descripción rda
Centro/agencia modificador OCLCO
-- OCLCF
-- OCO
-- UAP
-- IH9
-- ILC
-- GZN
-- YDX
-- VP@
-- Z#6
-- OCL
-- VFL
-- UND
-- NhCcYME
-- UtOrBLW
041 ## - CÓDIGO DE LENGUA
Código de lengua original English
050 00 - SIGNATURA TOPOGRÁFICA DE LA BIBLIOTECA DEL CONGRESO
Número de clasificación QC903
Número de documento/Ítem .F54 2020
100 ## - ENTRADA PRINCIPAL--NOMBRE DE PERSONA
Nombre de persona Figueres, Christiana
Término indicativo de función/relación author
9 (RLIN) 25747
245 14 - MENCIÓN DE TÍTULO
Título The future we choose
Resto del título : surviving the climate crisis
Mención de responsabilidad, etc. / Christiana Figueres and Tom Rivett-Carnac.
250 ## - MENCIÓN DE EDICIÓN
Mención de edición First edition.
264 #1 - PRODUCCIÓN, PUBLICACIÓN, DISTRIBUCIÓN, FABRICACIÓN Y COPYRIGHT
Producción, publicación, distribución, fabricación y copyright New York, NY :
Nombre del de productor, editor, distribuidor, fabricante Alfred A. Knopf,
Fecha de producción, publicación, distribución, fabricación o copyright 2020.
300 ## - DESCRIPCIÓN FÍSICA
Extensión xxvi, 210 pages :
Otras características físicas illustration, map ;
Dimensiones 20 cm
490 ## - MENCIÓN DE SERIE
Mención de serie Business book summary
500 ## - NOTA GENERAL
Nota general "This is a Borzoi Book" --Title page verso.
504 ## - NOTA DE BIBLIOGRAFÍA, ETC.
Nota de bibliografía, etc. Includes bibliographical references (pages 205-210).
520 ## - SUMARIO, ETC.
Sumario, etc. In this cautionary but optimistic book, Figueres and Rivett-Carnac--the architects of the 2015 Paris Climate Change Agreement--tackle arguably the most urgent and consequential challenge humankind has ever faced: the world's changing climate and the fate of humanity. In The Future We Choose, the authors outline two possible scenarios for the planet. In one, they describe what life on Earth will be like by 2050 if we fail to meet the Paris targets for carbon dioxide emission reduction. In the other, they describe what it will take to create and live in a carbon-neutral, regenerative world. They argue for confronting the climate crisis head on, with determination and optimism. How we all of us address the climate crisis in the next thirty years will determine not only the world we will live in but also the world we will bequeath to our children and theirs. The Future We Choose presents our options and tells us, in no uncertain terms, what governments, corporations, and each of us can and must do to fend off disaster.
650 #0 - PUNTO DE ACCESO ADICIONAL DE MATERIA--TÉRMINO DE MATERIA
Término de materia o nombre geográfico como elemento de entrada Climatic changes
Subdivisión general Forecasting
9 (RLIN) 25954
650 #0 - PUNTO DE ACCESO ADICIONAL DE MATERIA--TÉRMINO DE MATERIA
Término de materia o nombre geográfico como elemento de entrada Climatic changes
Subdivisión general Social aspects
9 (RLIN) 25955
650 #0 - PUNTO DE ACCESO ADICIONAL DE MATERIA--TÉRMINO DE MATERIA
Término de materia o nombre geográfico como elemento de entrada Environmental policy
Subdivisión general Forecasting
9 (RLIN) 25956
650 #0 - PUNTO DE ACCESO ADICIONAL DE MATERIA--TÉRMINO DE MATERIA
Término de materia o nombre geográfico como elemento de entrada Global environmental change
Subdivisión general Economic aspects
9 (RLIN) 5205
700 ## - ENTRADA AGREGADA--NOMBRE PERSONAL
Nombre de persona Rivett-Carnac, Tom
Término indicativo de función/relación author
9 (RLIN) 25748
942 ## - ELEMENTOS DE ENTRADA AGREGADA (KOHA)
Fuente del sistema de clasificación o colocación Clasificación de Library of Congress
Holdings
Estado de retiro Estado de pérdida Fuente del sistema de clasificación o colocación Estado dañado No para préstamo Biblioteca de origen Biblioteca actual Fecha de adquisición Total de préstamos Signatura topográfica completa Código de barras Fecha visto por última vez Número de copia Precio válido a partir de Tipo de ítem Koha
    Clasificación de Library of Congress     TBS Barcelona TBS Barcelona 25/08/2025   QC903 FIG B07593 25/08/2025 1 25/08/2025 Book

Powered by Koha